MDQL
is popping MORE tags! Check the
thread
!
Quizzes
Events
Quiz Creation
Community
Videos
Private Events
Remove Ads
Sign In
Join for FREE
Feedback
Dark Mode
Quiz Categories
Sports
Geography
Music
Movies
Television
Just For Fun
Miscellaneous
History
Literature
Language
Science
Gaming
Entertainment
Religion
Holiday
For Kids
Quiz Lab
Recent
Popular Today
Quiz Kudos Today
Editor Picks
Curator Picks
Quizzes by...
Day
Popularity
Type
Ratings
Length
Year
Community
Subscriptions
Recent Discussions
Orange Saloon
Badges
Playlists
Quests
Create
Leaderboards
Showdown
Live 5
Trivia Bingo
Activity
Puzzle Library
Sporcle Events
Private Events
Virtual Trivia
Globe League
Become a Host
Pub Owners
SporcleCon
Opinionation
Our Games
Videos
Blog
Mobile Apps
Partnerships
Remove Ads and Go Orange
Feedback
Holiday
Halloween
Christmas
Holiday Songs
April Fools'
Thanksgiving
Valentine's Day
Easter
St Patrick's Day
National Holiday
Religious Holiday
Holiday
Halloween
Christmas
Holiday Songs
April Fools'
Thanksgiving
Valentine's Day
Easter
St Patrick's Day
National Holiday
Religious Holiday
Random Quiz
Search Sporcle
×
Editor Pick
Editor Pick
Holiday
Halloween
Click on regions of an image
Click on regions of an image
Picture Click
Best Score? Go Orange.
Holiday by iPhone Case Stats
Can you click the correct iPhone based on the holiday it celebrates?
By
chaosBEE
2m
15 Questions
7,424 Plays
7,424 Plays
7,424 Plays
Comments
Comments
Give Quiz Kudos
Give Quiz Kudos
-
- Ratings
hide this ad
Forced Order
Answers have to be entered in order
Answers have to be entered in order
Replay
Link that replays current quiz
Next Quiz
Link to next quiz in quiz playlist
You Got
0%
They Got
Avg Score
88%
Avg Friend Score
Upgrade to see
Score Distribution
Jump to the score distribution portion of the page
Score
0/15
Timer
02:00
0
Plays Today
% Correct
Christmas
95.8%
Hallowe'en
92.3%
Easter
92.3%
Saint Patrick's Day
90.8%
Thanksgiving
90.8%
Pi Day
90.6%
US Independence Day
90.5%
Chinese New Year
90.4%
% Correct
Groundhog Day
90.2%
Remembrance Day
88.6%
Martin Luther King Jr. Day
86.6%
Bastille Day
86.4%
Mardi Gras
85.2%
Day of the Dead
83.1%
Kwanzaa
81.1%
Quiz Playlist
Details
Report
Send in Message
Add To Playlist
Picture Click:
Click on regions of an image
Forced Order:
Answers have to be entered in order
Last Updated: Aug 16, 2017
Editor Pick in
Holiday
Curator Pick in
Thanksgiving
Quiz Scoreboard
CHALLENGE
Sign Up to Join the Scoreboard
Show All
Scores
Hide
Comments
May contain spoilers
Recently Published
Colored Red Africa Blitz
by spor1
Geography
30s
Find the 'City' Movie
by crazypaving
Movies
60s
5x2 Blitz: Bands
by SL_Kpop136
Music
30s
More to Explore
Quiz From the Vault
Featured Blog Post
14 Easter Pick-up Lines to Find Eggs With
hide this ad
You Might Also Like...
Tags
Christmas Quiz
Clickable Quiz
Easter Quiz
Halloween Quiz
National Holiday Quiz
Religious Holiday Quiz
Thanksgiving Quiz
apple
Festival
Image Quiz
iPhone
Picture Click
Today's Top Quizzes in Holiday
Browse Holiday
hide this ad
Today's Top Quizzes in Halloween
Browse Halloween
Top Contributed Quizzes in Holiday
1
Pick the Easter Eggs hidden in the Garden
2
5-to-1: Holiday Songs
3
April Fools' Zebra Puzzle
4
5-to-1: Thanksgiving
5
New Year’s Party Puzzle
6
Easter Teddy Bears
7
Holidays Spelling Bee
8
Thanksgiving Dinner by Criteria
9
Easter - Did You Know?
10
Picture Click Blitz: Easter
Explore More
Trending Topics
Kpop
Anime
NBA
Marvel
Disney
Harry Potter
Crossword
Song
The Office
Puzzle
Pokémon
WWE
Country
NFL
Soccer
hide this ad
More By:
chaosBEE
Quiz
Plays
Rating
Category
Featured
Created
Food Bunker
419,923
4.05
Miscellaneous
Apr 9, 2016
Soccer Players Venn Diagram
320,285
4.47
Sports
Jun 13, 2016
US Presidents Venn Diagram
221,827
4.75
History
Jul 7, 2016
Mixed Soccer Logos
214,876
4.42
Sports
May 6, 2016
Animal Bunker
211,326
4.21
Science
Apr 7, 2016
Go to Creator's Profile
Score Distribution
Quiz Creator Spotlight
chaosBEE
Follow
Send a Message
Quizzes Created
-
Created Quiz Play Count
-
More By This Creator
Popular Quizzes Today
1
Colored Red Africa Blitz
2
Find the US States - No Outlines Minefield
3
Find the 'City' Movie
4
5x2 Blitz: Bands
5
The Countries of the World
6
Find the US States
7
Find the Countries of Europe - No Outlines Minefield
8
US States
More Holiday Quizzes
Holiday 7-to-1
Published
Trending Quizzes
Colored Red Europe Blitz I
Colored Red Europe Blitz II
Colored Red Africa Blitz II
Colored Red Europe Blitz III
Colored Red Africa Blitz III
Recently Updated
How Do You Spell That?
pecheneg
Godzilla Movies
pecheneg
Grab Bag: 4-10 Letters
pecheneg
2024 March Madness Bracket
pecheneg
Famous TV Couples
Peacemaker
Champions League XIs: Real Madrid
pecheneg
Largest US Cities 1790-2010
pecheneg
Rides in Walt Disney World
pecheneg
Most Oscar Losses (Acting)
pecheneg
Beyoncé Albums
pecheneg
Trending Topics
Harry Potter
Marvel
Disney
Crossword
Anime
Kpop
NBA
WWE
NFL
Country
Soccer
Song
The Office
Pokémon
Puzzle
Your Account Isn't Verified!
In order to create a playlist on Sporcle, you need to verify the email address you used during registration. Go to your
Sporcle Settings
to finish the process.
Report this User
Report this user for behavior that violates our
Community Guidelines
.
Details:
Send Report
Go to the Sporcle.com Mobile Site →
Comments